00457pab a2200145 454500008004000000100002600040245010500066260000900171300001400180362000800194650002300202650002300225650001100248773005200259180718b2006 xxu||||| |||| 00| 0 eng d aCheung, Anthony, B.L. aBudgetary reforms in two city states: impact on the central budget agency in Hong Kong and Singapore c2006 ap.341-61. aSep aBudget - Singapore aBudget - Hong Kong aBudget aInternational Review of Administrative Sciences